[Event "Interpolis-06"]
[Site "Tilburg"]
[Date "1982.09.30"]
[Round "1"]
[White "Karpov, Anatoly"]
[Black "Huebner, Robert"]
[Result "1-0"]
[WhiteElo "2720"]
[BlackElo "2630"]
[Annotator "Huebner,R"]
[PlyCount "73"]
[EventDate "1982.09.30"]
[EventType "tourn"]
[EventRounds "11"]
[EventCountry "NED"]
[EventCategory "14"]
[SourceTitle "CBM 051"]
[Source "ChessBase"]
[SourceDate "1996.04.01"]
[SourceVersion "1"]
[SourceVersionDate "1996.04.01"]
[SourceQuality "1"]

1. e4 {Karpov Teschner Trauth} c6 2. d4 d5 3. Nd2 dxe4 4. Nxe4 Bf5 5. Ng3 Bg6
6. h4 h6 7. Nf3 Nd7 8. h5 Bh7 9. Bd3 Bxd3 10. Qxd3 Ngf6 11. Bf4 e6 12. O-O-O
Be7 13. Ne5 O-O 14. c4 c5 15. d5 Nxe5 16. Bxe5 Ng4 17. Bxg7 {!? Karpov} (17. f4
Nf2 (17... exd5 18. Bxg7 {[%csl Rf5][%cal Yg3f5] ><f5, /\Sf5} (18. Qxd5 Qxd5 (
18... Ne3 19. Qxb7 Nxd1 20. Rxd1 Qe8 21. Nf5 $18) 19. cxd5 (19. Rxd5 {+/=Karpov
} Nxe5 20. fxe5 (20. Rxe5 Bd6 $10) 20... Rfe8 21. Kc2 {Weiß hat einigen Druck.}
) 19... Nf2 (19... f6 {sieht nicht ganz befriedigend aus} 20. Nf5 Rf7 (20...
Rfe8 21. d6 Bd8 22. d7 Re6 23. Rd6) 21. Bc3 Nf2 22. Rhe1) 20. Nf5 Bf6 21. Bxf6
gxf6 22. Nxh6+ Kh7 23. Nf5 {die Lage des Schwarzen ist prekär}) 18... Kxg7 (
18... Nf2 19. Qf3 Nxd1 20. Bxf8 (20. Bxh6) 20... Bxf8 21. Rxd1 {Die Aufgabe
des Nachziehenden ist höchst undankbar}) 19. Qe2 d4 (19... Qd7 20. Rxd5) (19...
Qc8 20. Rxd5) (19... Nf6 20. Nf5+ Kh7 21. Nxe7 {dies ist sehr unbequem für
Schwarz}) 20. Qxg4+ $16) (17... Bf6 {?Karpov} 18. Bxf6 (18. Qe2 $142 Bxe5 (
18... Nxe5 19. fxe5 Bg5+ 20. Kb1 {Weiß hat großen Stellungsvorteil.}) 19. Qxg4
Bd4 20. dxe6 Qf6 (20... Qb6 $2 21. Rxd4 cxd4 22. Nf5 $18) (20... fxe6 21. Qxe6+
Kh8 22. Nf5 {Weiß dürfte auf Gewinn stehen.}) 21. Ne4 Qxe6 $10) 18... Nxf6 (
18... Qxf6 19. Qf3 $18 {Karpov}) 19. dxe6 fxe6 $10) (17... Bd6 18. Bxd6 (18.
Qe2 $2 Nxe5 19. fxe5 Qg5+) 18... Qxd6 19. Qf3 {+/- Karpov} Nf6 20. Kb1 (20.
Rhe1 Qa6) 20... exd5 21. cxd5 Rfe8 22. Nf5 Qd7 23. g4 Re4 24. d6 $36) 18. Qf3 {
die aussichtsreichste Fortsetzung} (18. Qc3 {?! Karpov Informator 34/186} Nxd1
19. Rxd1 f6 $1 20. dxe6 Qb6 $1 (20... Qc8 $6 21. Rd7 $16) 21. Nf5 Qxe6 22.
Nxe7+ Qxe7 23. Bd6 Qe4 24. Bxf8 Qxf4+ $17 {Karpov/-+ Hübner}) (18. Qe2 {
[%cal Ye2g4] /\Dg4 Karpov} Nxh1 19. Qg4 (19. dxe6 Nxg3 20. Qg4 f6 21. Rxd8
Raxd8 22. Bc7 Rc8 $19) 19... f6 20. d6 (20. dxe6 Nxg3 $19 {siehe 19.de}) (20.
Qxe6+ Rf7 {Weiß hat keine genügende Kompensation für den gopferten Turm.})
20... fxe5 (20... Nxg3 $17) 21. Qxe6+ Rf7 {unbefriedigend für Weiß.}) 18...
Nxd1 (18... Nxh1 $6 19. dxe6 Nxg3 (19... Qc8 20. Qg4 f6 21. Nf5 {Sehr
unangenehm für Schwarz}) (19... Qe8 20. Qg4 f6 21. Nf5 {Sehr unangenehm für
Schwarz}) 20. Qxg3 f6 21. Rxd8 Raxd8 22. Bc3 {[%csl Ge6] Weiß hat dank des
starken Bauern e6 vorzügliche Aussichten.}) 19. Rxd1 Bf6 20. dxe6 Qe7 {[%csl
Rc4] DIAGRAMM Mit deutlichem Vorteil für Schwarz, weil der Bauer c4 mit Schach
hängt, sobald die schwarze Dame auf f7 oder e6 auftaucht.}) (17. Qe2 {Dies ist
der stärkste Zug, dies beweisen die nachfolgender Untersuchungen} Nxe5 18. Qxe5
Bf6 $10 {Der Läufer hat einen wertvollen Stützpunkt auf d4}) 17... Kxg7 (17...
Bg5+ $142 18. Kc2 (18. Kb1 {Schwächer als Kc2! Karpov} Nxf2 19. Qc3 Re8 $1 {
[%cal Yf7f6] Karpov /\f6} (19... Nxh1 20. Ne4 {! Karpov} (20. Bxf8 Qxf8 21.
Rxh1 {Weiß hat eine sehr befriedigende Stellung}) 20... Re8 (20... exd5 21.
cxd5 (21. Rxd5 Qe7 22. Re5 Qd7 23. Rd5 Qg4 24. Nxg5 hxg5 25. Bxf8 Rxf8 $19) (
21. Nf6+ Bxf6 22. Bxf6 Qd7 23. Qf3 Rfe8 24. cxd5 (24. Rxh1 Re4 25. cxd5 Rae8
$17) 24... Nf2 25. Qxf2 Re4 $13 {Schwarz muß den Damentausch vermeiden, da
sonst der d-Bauer zu gefährlich wird.}) 21... Re8 22. Bxh6 (22. Bh8 f6 23.
Nxf6+ (23. Bxf6 Qd7 24. Nxg5 Qf5+ 25. Ka1 hxg5 26. Rxh1) 23... Bxf6 24. Bxf6
Qd7 25. Rxh1 Qf5+ 26. Ka1 $13) 22... Bxh6 23. Nf6+ Kh8 24. Nxe8+ f6 25. Re1 $13
) 21. Bxh6 (21. Bh8 e5 22. Bxe5 Qe7 23. Nf6+ Bxf6 24. Bxf6 Qe4+ $19) (21. Bf6
Nf2 22. Bxd8 Nxd1 {Die Lage ist für Schwarz erfreulich}) (21. Nf6+ Bxf6 22.
Bxf6 Qd6 23. Rxh1 Qf4 {günstig für Schwarz.} 24. d6 e5) 21... Bxh6 22. Nf6+ Kh8
23. Nxe8+ f6 24. Qxf6+ Qxf6 25. Nxf6 {DIAGRAMM Hier hat Schwarz
Schwierigkeiten, weil der Bauer auf e6 hängt.} exd5 {Dies scheint nötig zu
sein.}) (19... Nxd1 20. Rxd1 Re8 21. Ne4 exd5 22. Rxd5 (22. Nf6+ Bxf6 23. Bxf6
Qd6 24. Qf3 Kf8 25. Rxd5 $13) 22... Rxe4 23. Rxd8+ Rxd8 24. a3 Rd1+ 25. Ka2 Rc1
$19 26. Qd3 Re3) 20. d6 Nxd1 21. Rxd1 f6 22. d7 Re7 (22... Kxg7 23. dxe8=N+
Qxe8 $17 {Lombardy}) 23. Bxf6 Rxd7 24. Rxd7 (24. Bxd8 $2 Rxd1+ 25. Kc2 Rc1+)
24... Qxd7 25. Bxg5 hxg5 26. a3 Rf8 $19) 18... Nxf2 (18... Kxg7 19. Qe2 Nf6 20.
dxe6 Qc8 21. e7 Re8 22. Rd6 Qg4 (22... Bf4 23. Rxf6 Kxf6 (23... Bxg3 24. Qf3
Rxe7 25. fxg3 $18) 24. Qf3 Qc7 25. Rh4 (25. Ne2 Kg7 26. Nxf4 Qxe7 $10) 25...
Kxe7 26. Rxf4 Kf8 27. Ne4 (27. Rf6 Kg7 {Weiß kommt nicht weiter}) (27. Nf5 Re6
28. Ne3 (28. Qg4 Qe5) 28... Rae8 {Schwarz hat Rettungsaussichten}) 27... Re6
28. Nc3 {[%cal Yc3d5,Yf3c3] DIAGRAMM Die Lage des Schwarzen ist äußerst
unbequem. Er kann nichts Aktives Unternehmen. /\29.Sd5, 30.Dc3} Rae8 29. a3 {
[%cal Yc2b3] /\Kb3}) 23. Re1 $44 {Karpov} Qf4 {M.Trauth} (23... Bf4 24. Rxf6
Qxe2+ 25. Nxe2 Kxf6 26. Nxf4 $18) 24. Qd3 (24. Kb1 Ng8) (24. Qe5 Qxe5 25. Rxe5
Bf4 26. Nf5+ Kg8 27. Nxh6+ Kh7 $19) 24... Qxf2+ 25. Re2 Qf4 26. Nf5+ Kg8 27. g3
Qc1+ 28. Kb3 {Schwarz kann sich nicht rühren; der Bauer e7 und der Springer f5
schnüren ihn völlig ein.} b5 29. cxb5 c4+ 30. Qxc4 $16 {_|_}) 19. Qc3 Re8 {
Die anderen Fortsetzungen sind schwächer vgl. 18. Kb1} (19... Nxh1 20. Ne4 {
! ->Lombardy} exd5 21. Nf6+ $44 {Karpov}) 20. d6 (20. dxe6 Nxd1 (20... Qe7 $2
21. Rdf1) 21. Rxd1 (21. exf7+ Kxf7 22. Rxd1 Re3 $19) 21... Qe7 {Für Schwarz
ist keine Gefahr erkennbar.} (21... Qe7 22. Ne4 Qxe6 23. Nxg5 hxg5 24. Bh8 Qe4+
25. Kb3 Qh7 {Lombardy})) (20. Rhf1 Nxd1 21. Rxd1 f6 22. dxe6 (22. Bxh6 Bxh6 23.
dxe6 Qc7 24. Nf5 Qh7 {Diese Zugfolge genügt nicht.} 25. Qxf6 (25. g4 Rxe6)
25... Rf8) 22... Qe7 23. Rd7 (23. Nf5 Qxe6 24. Qd3 Rad8 $19) (23. Bxh6 Qh7+ $19
) 23... Qxe6 24. Qd3 Re7 25. Rxe7 Qxe7 26. Nf5 (26. Qd5+ Qf7) 26... Qe8 {
[%cal Ya8d8] /\27... Td8} 27. Qd5+ Kh7 $19 28. Qxb7 (28. Qxc5 Rd8) (28. Qd3
Qxh5) 28... Rb8 29. Qf3 Qa4+) 20... Qd7 {M.Trauth} (20... Nxd1 21. Rxd1 Qd7 {
[%cal Rd7a4,Re6e5] M.Trauth /\22... Da4, 22... e5} (21... f5 22. d7 Re7 23. Bf6
Bxf6 24. Qxf6 $18) (21... f6 22. d7 Kxg7 23. dxe8=N+ Qxe8 {[%cal Re8a4] -/+ /
\Da4 Lombardy} 24. Ne4 $44) 22. b3 (22. Ne4 e5 23. Bxe5 Qf5 $19) 22... e5 23.
Bxe5 f6 24. Bxf6 Re3 $19) (20... Nxh1 {DIAGRAMM gibt dem Weißen unnötige
Chancen.} 21. Ne4 {DIAGRAMM Dieser Zug muß versucht werden} (21. Nxh1 {
hoffnungslos} f6 (21... Qd7 22. Nf2 e5 (22... f5 23. Be5 $44) 23. Bxe5 f6 24.
Bg3 Re3 25. Rd3 Qf5 26. Kb3 Rxg3 27. Rxg3 Qxf2 28. Qd3 Rd8 $19 29. Rxg5+ hxg5
30. Qg6+ Kf8 {dies reicht nicht zum Unentschieden.}) 22. d7 Kxg7 23. dxe8=N+
Qxe8 {[%cal Re8a4,Ra8d8] /\24... Da4, 24.... Td8} 24. Qf3 (24. Qd3 Qxh5) 24...
Qf7 {[%cal Yf6f5] /\f5 Weiß steht ein schwieriger Kampf ums Remis bevor.})
21... e5 (21... f5 22. Nf6+ (22. Bf6 {M.Trauth} Qd7 (22... Nf2 23. Bxd8 Nxe4
24. d7 Rexd8 25. Qe5 Kf7 26. g4 {Weiß wehrt sich}) 23. Bxg5 fxe4 24. Bxh6 Kh7 (
24... Nf2 25. Qg3+) 25. Qf6 {Weiß hat vorzügliche Remisaussichten}) 22... Bxf6
23. Bxf6 Qd7 24. Rxh1 Kh7 {[%cal Re8g8] /\25... Tg8 Schwarz sollte gewinnen.})
22. Bxe5 Qd7 {[%cal Rd7f5] /\23... Df5 Diese Drohung ist äußerst ungemütlich
für Weiß.}) (20... f6 21. d7 Kxg7 (21... Re7 22. Bxf6 Bxf6 23. Qxf6 $18 {
[%csl Gd7] Schwarz kann sich nicht des Bauern d7 entledigen.}) (21... Nxd1 {
M.Trauth} 22. Rxd1 Kxg7 23. dxe8=N+ Qxe8 24. Ne4 $44) 22. dxe8=N+ Qxe8 23. Qf3
Nxd1 24. Qxb7+ $18) 21. Rhf1 (21. b3 Nxh1 22. Nxh1 e5 $19) (21. Be5 Qa4+ $19)
21... Nxd1 22. Rxd1 Qa4+ $19) (17... Nxf2 18. Qf3 Nxh1 19. Bxf8 Bg5+ $19 (19...
Nxg3 20. Bxe7 Qxe7 21. Qxg3+ Qg5+ 22. Qxg5+ hxg5 23. dxe6 $16 {Teschner})) 18.
Qe2 Bg5+ 19. Kb1 Nf6 20. dxe6 Qc8 21. e7 Re8 22. Rd6 Qg4 $2 (22... Bf4 23. Rxf6
Bxg3 (23... Kxf6 24. Qf3 $18 {Karpov} Qc7 25. Rh4 Kxe7 26. Rxf4 Kf8 27. Ne4
Rad8 {Schwarz hat gute Aussichten, sich erfolgreich zu verteidigen. Hübner} 28.
Nf6 (28. Nc3 Rd4) 28... Re1+ 29. Kc2 Rd4) 24. Qf3 $1 {+/- Inf34/186} Rxe7 25.
fxg3 {+/- Schaakbulletin 180,S.647}) 23. Qe5 Kg8 24. Re1 Nd7 (24... Nxh5 $145
$1 25. Re4 Nf4 26. Nf5 f6 $13) 25. Rxd7 Qxd7 26. Nf5 f6 27. Qd5+ Qxd5 28. cxd5
Bf4 29. g3 Bc7 30. Kc2 b5 31. Nxh6+ Kh7 32. Nf5 Rg8 33. d6 Ba5 34. Re6 Rg5 35.
Rxf6 Rxh5 36. d7 Rh2 37. Ne3 1-0

[Event "Linares-03"]
[Site "Linares"]
[Date "1981.01.22"]
[Round "5"]
[White "Ljubojevic, Ljubomir"]
[Black "Karpov, Anatoly"]
[Result "0-1"]
[WhiteElo "2605"]
[BlackElo "2690"]
[Annotator "Kharitonov,A"]
[PlyCount "124"]
[EventDate "1981.01.17"]
[EventType "tourn"]
[EventRounds "11"]
[EventCountry "ESP"]
[EventCategory "13"]
[SourceTitle "MCL"]
[Source "ChessBase"]
[SourceDate "1999.07.01"]
[SourceVersion "1"]
[SourceVersionDate "1999.07.01"]
[SourceQuality "1"]

1. e4 c6 2. d4 d5 3. Nc3 dxe4 4. Nxe4 Bf5 5. Ng3 Bg6 6. Nf3 Nd7 7. h4 h6 8. h5
Bh7 9. Bd3 Bxd3 10. Qxd3 e6 11. Bf4 Qa5+ 12. Bd2 Qc7 13. O-O-O Ngf6 14. Ne4
O-O-O 15. g3 (15. Nxf6 gxf6) 15... Nc5 (15... Nxe4 16. Qxe4 Bd6 17. c4 Nf6 18.
Qe2 c5 19. Bc3 cxd4 20. Nxd4 a6 21. Nb3 Qc6 22. Rh4 Bc7 23. Nd4 Qc5 24. b4 $1
$14 {Kudriashov,A-Kharitonov,A/Moscow/1981//1:0 (53)/}) 16. Nxc5 Bxc5 17. Qc4 (
17. c4 $5 Bb6 18. Bc3 Rhe8 19. Kb1 a6 20. Qc2 $14 {Tal,M-Miles,A/Bugoino/1984/
0:1 (40)/}) 17... Bd6 18. Qa4 Kb8 19. Ne5 (19. c4 Qe7 20. Qc2 c5 21. Bc3 cxd4
22. Nxd4 (22. Bxd4 Bc5 $10) 22... a6 $13) 19... Nd5 (19... Nd7 20. f4 (20. Nc4
Nb6 $10) 20... Nb6 {Karpov/}) 20. f4 Nb6 21. Qb3 Bxe5 22. dxe5 Nd5 (22... c5 $5
{/\Qc6=/}) 23. c4 $6 (23. Qf3 Rd7 24. Qg4 Rhd8 $6 (24... Rg8 $5) 25. Qxg7 Qb6
26. Qg4 (26. Rhe1 $2 Ne3 $19) 26... Ne3 27. Bxe3 Qxe3+ 28. Kb1 Rxd1+ (28...
Qxg3 29. Rxd7 Qxg4 30. Rxd8+ Kc7 31. Rhd1 $14) 29. Rxd1 Rxd1+ 30. Qxd1 Kc8 {
Karpov/}) 23... Ne7 24. Be3 c5 25. Rxd8+ Rxd8 26. Rd1 (26. g4 Qc6 $17) 26...
Rxd1+ 27. Qxd1 b6 28. Qd3 $6 (28. g4 Qc6 $2 (28... Qb7 $10) 29. Qd6+ Qxd6 30.
exd6 Ng8 (30... Nc6 31. g5 $16) 31. g5 Kb7 (31... f6 32. g6 Kb7 33. b4 cxb4 34.
f5 e5 35. c5 $16) 32. b4 $1 Kc6 (32... cxb4 33. Bd4 f6 34. g6 Kc6 35. c5 bxc5
36. Bxc5 $16) 33. bxc5 bxc5 34. Bxc5 g6 $13 {Karpov/} 35. hxg6 fxg6 36. Kd2 h5
37. Ke3 a6 38. Ke4 Kd7 39. Ke5 $22 $18) 28... g6 $1 29. hxg6 (29. g4 $2 gxh5
30. gxh5 Nf5 $17) 29... fxg6 30. a3 (30. Qe4 Nf5 31. Bf2 h5 32. Kc2 $10) 30...
a5 31. b3 (31. g4 Kc8 $15) 31... h5 $17 32. Qe4 Nf5 33. Bf2 Qd7 34. a4 $2 (34.
Kc2 $10) 34... Kc7 $1 35. Kc2 (35. Qa8 $2 Qd3 36. Qa7+ Kc8 37. Qa8+ Kd7 38.
Qb7+ Ke8 39. Qb8+ Kf7 40. Qb7+ Ne7 $19 {Karpov/}) 35... Qd8 $1 $17 (35... Qc6
$6 36. Qxc6+ Kxc6 37. Kd3 $10) 36. Kc1 (36. Qd3 Qa8 $17) (36. Qf3 Qd4 $1 37.
Qe2 Qa1) 36... g5 $1 37. fxg5 (37. Kc2 g4) 37... Qxg5+ 38. Kc2 Ne7 39. Qh7 Kd7
(39... Qg6+ 40. Qxg6 Nxg6 41. Be3 Kd7 42. Bg5 Nxe5 $17) 40. Qe4 Qf5 41. Qd3+
Kc6 42. Qxf5 (42. Be1 Qxe5) 42... exf5 43. Be3 Ng6 44. e6 Kd6 45. Bg5 Kxe6 46.
Kd2 (46. Bd8 f4 47. gxf4 (47. Bxb6 fxg3 48. Bxc5 h4 $17) 47... h4 $19) 46... f4
$1 47. gxf4 h4 $2 (47... Kf5 $19) 48. Ke3 h3 49. Kf3 Kf5 50. Kg3 (50. Bh6 h2
51. Kg2 Nxf4+ 52. Kxh2 Ke4 53. Bg5 Ne6 $19) 50... Nxf4 $1 51. Bd8 Ne2+ 52. Kxh3
Nd4 53. Bxb6 (53. Kg2 Ke4 54. Kf1 Kd3 55. Ke1 Nxb3 56. Kd1 Kxc4 57. Kc2 Nd4+
58. Kb2 Nc6 59. Bxb6 Kb4 $19 {Karpov/} 60. Ba7) 53... Nxb3 54. Bd8 Ke4 55. Kg4
Kd3 56. Kf4 Kxc4 57. Ke4 Kc3 (57... Kb4 58. Kd5 c4 59. Be7+ Kc3 $19) 58. Bf6+
Kc2 59. Be5 (59. Kd5 Kd3) 59... c4 60. Ke3 c3 61. Bf6 (61. Bg7 Nc5 62. Kd4 Ne6+
) (61. Ke4 Nc5+ 62. Kd5 Nxa4 63. Kc4 Nb2+ 64. Kb5 a4 65. Kb4 Nd3+) 61... Nc5
62. Ke2 (62. Bd8 Kd1 63. Bxa5 c2 64. Bd2 Nb3 $19) (62. Kd4 Nxa4 63. Kc4 Nb6+
64. Kb5 a4 65. Kb4 Nd5+ $19 {Karpov/}) 62... Kb3 0-1

[Event "Linares-03"]
[Site "Linares"]
[Date "1981.01.20"]
[Round "3"]
[White "Karpov, Anatoly"]
[Black "Larsen, Bent"]
[Result "1/2-1/2"]
[WhiteElo "2690"]
[BlackElo "2610"]
[Annotator "Kharitonov,A"]
[PlyCount "94"]
[EventDate "1981.01.17"]
[EventType "tourn"]
[EventRounds "11"]
[EventCountry "ESP"]
[EventCategory "13"]
[SourceTitle "MCL"]
[Source "ChessBase"]
[SourceDate "1999.07.01"]
[SourceVersion "1"]
[SourceVersionDate "1999.07.01"]
[SourceQuality "1"]

1. e4 c6 2. d4 d5 3. Nd2 dxe4 4. Nxe4 Bf5 5. Ng3 Bg6 6. h4 h6 7. Nf3 Nd7 8. h5
Bh7 9. Bd3 Bxd3 10. Qxd3 e6 11. Bd2 Ngf6 12. O-O-O Be7 (12... Qc7 13. Ne4 O-O-O
14. g3 Nc5 {Ljbojevic,L-Karpov,A/Linares/1981/}) 13. Ne4 (13. c4 b5 $5 14. cxb5
cxb5 15. Qxb5 O-O $44) (13. Rhe1 a5 $1 14. Qe2 O-O 15. Kb1 Qb6 16. Ne5 a4 17.
c4 $2 a3 18. b3 Qxd4 $17 {Huebner,R-Larsen,B/Tilburg/1980/0:1 (81) Inf 30/202/}
) 13... Nxe4 14. Qxe4 Nf6 15. Qe2 Qd5 (15... O-O $6 16. g4 $1 Nxg4 17. Rhg1 f5
18. Qxe6+ Kh8 19. Ne5 Nxe5 20. dxe5 $16) 16. c4 Qf5 (16... Qe4 $5 17. Rde1 Qxe2
18. Rxe2 c5 19. Ne5 $14) 17. Ne5 c5 18. g4 (18. Rde1 $5 {Parma/}) 18... Qe4 19.
Qxe4 Nxe4 20. Be3 $14 Rc8 (20... cxd4 21. Rxd4 Nf6 22. Rhd1 Bc5 23. R4d3 Bxe3+
24. Rxe3 Ke7 25. Red3 Rac8 26. Kb1 Rc7 27. f3 $14) 21. Kb1 (21. d5 exd5 22.
Rxd5 Nf6 23. Rd3 O-O 24. Rhd1 Rfd8 25. f3) 21... O-O 22. f3 (22. Nd7 cxd4 23.
Bxd4 Rfd8 24. Bxa7 Rxc4) (22. dxc5 Bxc5 23. Bxc5 Nxc5 24. f3 Rfd8 $14) 22...
Nf6 23. f4 (23. dxc5 Bxc5 24. Bxc5 Rxc5 25. Rhe1 $14) (23. b3 $5 $14) 23... Ne4
24. dxc5 Bxc5 25. Bxc5 (25. Rhe1 Bxe3 26. Rxe3 Nc5 27. b4 $16) 25... Nxc5 26.
Rd4 (26. b4 Ne4 $132) 26... Rfd8 27. Rhd1 Rxd4 28. Rxd4 a5 $1 (28... Kf8 29. b4
$16) 29. b3 Kf8 30. Kb2 (30. Rd6 Ke7 31. Rb6 Rc7 32. Rb5 a4 33. b4 Ne4 $132)
30... Ke8 (30... Ke7 31. a3 Rc7 32. b4 axb4 33. axb4 $16) 31. Kc3 (31. a3 f6
32. Ng6 Rd8 33. Rxd8+ Kxd8 34. b4 axb4 35. axb4 Ne4 {/\Nf2/}) 31... f6 32. Nd3
(32. Ng6 Rd8 33. Rxd8+ Kxd8 34. Kd4 b6 $13) 32... Ke7 33. a3 (33. Nxc5 Rxc5 34.
a3 e5 35. Re4 Kd6 36. b4 axb4+ 37. axb4 Rc8 38. fxe5+ fxe5 $10) 33... Nxd3 34.
Kxd3 Rg8 35. Ke4 g5 $10 36. hxg6 (36. f5 e5 37. Rd5 Rd8 $5 38. Rb5 Rd4+ 39. Kf3
Rf4+ 40. Kg3 a4 41. bxa4 Rxc4 42. Rxb7+ Kd6 $13) (36. f5 Rc8 37. fxe6 Kxe6 $10)
36... Rxg6 37. Kf3 Rg8 38. c5 Rc8 39. b4 axb4 40. axb4 b6 $1 41. cxb6 (41. Rc4
bxc5 42. bxc5 f5 $10) 41... Rb8 42. Ke4 Rxb6 43. Kd3 f5 44. gxf5 (44. g5 $6
hxg5 45. fxg5 e5 $13) 44... exf5 45. Ke3 (45. Kc4 Rd6 $1 46. Rxd6 Kxd6 47. Kd4
h5 48. Ke3 Kd5 49. Kf2 Kc4 50. Kg3 Kxb4 51. Kh4 Kc5 52. Kxh5 Kd5 53. Kg6 Ke6
54. Kg5 Ke7 55. Kxf5 Kf7) 45... Kf6 46. Kf3 Kg6 47. Kg3 Kh5 1/2-1/2

[Event "Capablanca Memorial Elite 46th"]
[Site "Havana"]
[Date "2011.05.20"]
[Round "9"]
[White "Bruzon Batista, Lazaro"]
[Black "Ivanchuk, Vassily"]
[Result "0-1"]
[WhiteElo "2693"]
[BlackElo "2776"]
[Annotator "Kritz,L"]
[PlyCount "49"]
[EventDate "2011.05.11"]
[EventType "tourn"]
[EventRounds "10"]
[EventCountry "CUB"]
[EventCategory "19"]
[SourceTitle "CBM 143"]
[Source "ChessBase"]
[SourceDate "2011.07.15"]
[SourceVersion "1"]
[SourceVersionDate "2011.07.15"]
[SourceQuality "1"]

1. e4 c6 2. d4 d5 3. Nc3 dxe4 4. Nxe4 Bf5 {Alternativ kann Schwarz auch 4....
Nbd7 spielen, was auch zu einer ungefähr gleicher Stellung führt.} (4... Nd7 5.
Ng5 Ngf6 6. Bd3 e6 7. N1f3 Bd6 8. Qe2 h6 9. Ne4 Nxe4 10. Qxe4 Qc7 $132) 5. Ng3
Bg6 6. h4 h6 7. Nf3 e6 8. h5 {Keinen Vorteil bringt auch 8.Ne5.} (8. Ne5 Bh7 9.
Bd3 Bxd3 10. Qxd3 Nd7 11. f4 c5 12. Be3 Qa5+ 13. Bd2 Qc7 14. O-O-O Ngf6 $11 {
Fontaine - Svetushkin (Ikaros, 2003)}) 8... Bh7 9. Bd3 Bxd3 10. Qxd3 Nf6 {
Die Hauptvariante heute entsteht nach 10....Nd7:} (10... Nd7 11. Bf4 Qa5+ 12.
Bd2 Bb4 (12... Qc7 13. O-O-O Ngf6 14. Ne4 O-O-O 15. g3 Nxe4 16. Qxe4 Nf6 17.
Qe2 $14 {Diese Stellung ist etwas angenehmer für Weiß, wobei man sagen muss,
dass Schwarz mit richtigem Spiel doch leicht ausgleichen kann.}) 13. c3 Be7 14.
c4 Qc7 15. d5 cxd5 16. cxd5 Qd6 $11 {Die letzten Partien haben gezeigt, dass
Schwarz hier keine Schwiriegkeiten hat.}) 11. Ne4 {Diese Zugfolge trifft man
selten und sie hat bestimmt auch einen Nachteil. Weiß legt sich sehr früh mit
seinen Springermanövern fest. Der Hauptzug ist 11.Bd2.} (11. Bd2 c5 12. Ne4 Nc6
13. Nxf6+ gxf6 14. Bc3 $14 {Adams - Solozhenkin (Frankreich, 1999)}) (11. Bf4
Bd6 12. Ne5 Qc7 13. O-O-O Nbd7 14. Ne4 Nxe4 15. Qxe4 O-O-O 16. Bg3 Nxe5 17.
dxe5 Bc5 $11 {Tiviakov - Magem Badals (Beijing, 1998)}) 11... Nbd7 12. Bd2 a5 {
Interessant, aber das kann kaum gut sein. Schwarz kann leicht ausgleichen,
wenn er 12...Be7 spielt. Anscheinend wollte Ivanchuk jedoch mehr als ein
schnelles Remis.} (12... Be7 13. O-O-O Nxe4 14. Qxe4 Nf6 15. Qe2 Qd5 16. c4 Qe4
{Das entstehende Endspiel kann man als ausgeglichen einschätzen.} 17. Qxe4 Nxe4
18. Be3 Nd6 $11 {Anisimov - Riazantsev (Aix-les-Bains, 2011)}) 13. O-O-O Bb4
14. Bxb4 $2 {Das ist einfach ein schlechter Zug. Man darf nur auf b4 nehmen,
wenn man sich ganz sicher ist, dass man schnell und forciert in Vorteil kommt.}
(14. c3 $1 {Weiß kommt zu besserem Spiel.} Nxe4 15. Qxe4 Nf6 16. Qe2 Be7 17.
Ne5 Qd5 18. c4 Qe4 19. Be3 $14) 14... axb4 15. Nd6+ {Der einzige Zug, sonst
wird Schwarz kurz rochieren und Weiß wird sich lange Zeit fragen, wozu er die
a-Linie geöffnet hat.} Ke7 16. Ne5 (16. Nxb7 Qb6 17. Nc5 Nxc5 18. dxc5 Qxc5 $17
) 16... Rf8 $15 {Schwarz steht schon besser!} 17. Nec4 $2 {Zu passiv, nun ist
die weiße Stellung fast schon verloren.} (17. Qg3 Rxa2 18. Nxb7 Qb6 (18... Nxe5
19. Nxd8 Ra1+ 20. Kd2 Ne4+ 21. Ke3 Nxg3 22. Rxa1 Nxh1 23. dxe5 Rxd8 24. Rxh1
Rd5 25. f4 $11) 19. Nxd7 Qxb7 20. Nxf6 gxf6 $15) 17... Qc7 {Einfach und stark.
Es droht b5.} (17... b5 $4 18. Nf5+ exf5 (18... Ke8 19. Ncd6#) 19. Rhe1+ Ne4
20. Rxe4+ Kf6 (20... fxe4 21. Qxe4+ Kf6 22. Qf4+ Ke6 23. d5+ cxd5 24. Qd6+ Kf5
25. Rxd5+ $18) 21. d5 $18) 18. Rhe1 b5 19. Ne3 (19. Nf5+ Kd8 $19) 19... Rxa2
$19 {Schwarz steht auf Gewinn.} (19... Kxd6 $4 20. Nf5+ exf5 21. Qg3+ Kd5 22.
Qxc7 $18) 20. Qb3 (20. Ndf5+ Kd8 $19) 20... Ra4 21. Re2 Qa7 22. Nef5+ Kd8 23.
Nxf7+ Rxf7 24. Qxe6 Nb6 25. b3 {Weiß gab auf, nach} (25. b3 Ra1+ 26. Kd2 Rxd1+
27. Kxd1 Qd7 {hat Schwarz einfach eine Figur mehr.}) 0-1